000 01539nam0a2200373 4500
001 RU\NLR\bibl\237498
005 20260405191039.0
010 _a5-89329-360-6
_91200
021 _aRU
_b2001-55322
_92696
035 _a(NLR Aleph) 000233403
090 _a1358751
_c1358751
100 _a20020215d2001 |||y0rusy50 ca
101 0 _arus
102 _aRU
105 _ay |||||||||
200 1 _aПонять примитив
_eСамодеят., наив. и аутсайд. искусство в XX в.
_fКсения Богемская
_gРос. акад. наук, Гос. ин-т искусствознания М-ва культуры Рос. Федерации
210 _aСПб.
_cАлетейя
_d2001
215 _a183,[2] с.
_d22
606 0 _aПримитивизм
_xв изобразительном искусстве
_92227904
_3RU\NLR\auth\661337362
606 0 _aСамодеятельное изобразительное искусство
_91116833
_3RU\NLR\auth\66122250
606 0 _aПримитивизм в изобразительном искусстве
675 _a7.036
_v3
_zrus
686 _a18
_2rugasnti
686 _a85.1
_2rubbk
686 _aЩ100.22
686 _aЩ103(0)6-239
700 1 _4070
_8rus
_7ca
_aБогемская
_bК. Г.
_f1947-2010
_gКсения Георгиевна
_3RU\NLR\AUTH\7783133
_966061
801 0 _aRU
_bRKP
_c20020215
_gPSBO
801 1 _aRU
_bRKP
_c20020215
801 2 _aRU
_bNLR
_c20091202
_grcr
942 _cBOOK
980 _aNB